000 00555nam a2200241 a 4500
001 nice12345678
003 IN_TiNIC
005 20260116012707.0
008 050524s1935 beia grp 000 0 eng
020 _a
_c100
082 0 0 _a200
_bLEV1
100 _aLevonian, Lootfy
245 _aWhat Is Religion?
260 _aBeirut
_bAmerican Press
_c1935
300 _a14p
500 _aincludes index and biblioraphy
505 2 _aAppendix
650 _aReligion
700 1 _aLevonian, Lootfy
902 _bSRS
942 _cBK
999 _c7979
_d7979